000 00368nam a2200145Ia 4500
008 090124s9999 xx 000 0 und d
082 _b303975
245 _a होल्डॉल
250 _a1
260 _bफडणीस शकुंतला
_c2000
300 _a96
630 _a होल्डॉल
730 _a होल्डॉल
942 _cBOOK
999 _c193612
_d193612